000 00607nam a22001937a 4500
003 OSt
005 20230127101221.0
008 221006b |||||||| |||| 00| 0 eng d
040 _cBiblioteca Lado V
082 _a708
_bN518r
100 _ecurador
_9673
_aSuarez, Ruisdael
245 _aRuisdael Suarez/
260 _bPam Corporación Gráfica
300 _a49p.
_c21.5x22cm
650 _2Tesauro de Arte & Arquitectura
_aARTE
650 _2Tesauro de Arte & Arquitectura
_aCATALOGO
650 _2Tesauro de Arte & Arquitectura
_aRUISDAEL SUAREZ
942 _2ddc
_c1
_h708
_iN518r
_n0
999 _c2956
_d2956